000 01460nam a2200313Ia 4500
999 _c4890
_d4890
003 OSt
005 20200429123330.0
008 191128s2008 mx a gr 000 0dspa d
020 _a9789562890656
040 _aCO-JMCR
_cCO-JMCR
041 0 _aspa
082 0 4 _a304.82 /
_bM33
100 1 _aSolimano, Andrés,
_ecoordinador
_92947
245 1 0 _aMigraciones internacionales en América Latina :
_bbooms, crisis y desarrollo /
_cAndrés Solimano
250 _aPrimera edición
260 _aMéxico :
_bFondo de Cultura Económica,
_c2008
300 _a462 páginas :
_bilustraciones en blanco y negro ;
_c23 cm.
300 _c 23 cm
490 0 _aObras de economía
500 _aIncluye índice.
505 _aMigraciones internacionales, remesas y el desarrollo económico : la experiencia latinoamericana -- Migración y desarrollo : el caso de Argentina -- Migraciones internacionales en un contexto de crecimiento -- Económico el caso de Chile
520 _aEs el resultado de un riguroso análisis que logra colocar al trasluz uno de los fenómenos más complejos de las últimas décadas en el continente latinoamericano : los flujos migratorios de carácter internacional.
650 1 4 _aDesarrollo económico
_zAmérica Latina
_93646
650 2 4 _aCrisis económica
_zAmérica Latina
_93647
650 2 4 _aEconomía
_zColombia
_93648
650 2 4 _aConflicto armado
_93649
650 2 4 _aAspectos económicos
_93268
942 _2ddc
_cBK